Southville International School and Colleges
Your cart is empty.
  • Cart
  • Lists
    Public lists list_1 View all
    Your lists Log in to create your own lists
  • Log in to your account
  • Your cookies
  • Search history
Southville International School and Colleges
  • Advanced search
  • Recent comments
  • Most popular
  • Libraries

Log in to your account

Log in with GOOGLE


If you do not have an external account, but do have a local account, you can still log in:

  1. Home
  2. MARC view: Vander's human physiology :
Normal view MARC view ISBD view

Vander's human physiology : (Record no. 362236)

[ view plain ]
MARC details
000 -LEADER
fixed length control field 00615nam a2200157Ia 4500
008 - FIXED-LENGTH DATA ELEMENTS--GENERAL INFORMATION
fixed length control field 191001s9999 xx 000 0 und d
020 ## - INTERNATIONAL STANDARD BOOK NUMBER
International Standard Book Number 9781260085228
100 ## - MAIN ENTRY--PERSONAL NAME
Personal name Widmaier, Eric P.
245 ## - TITLE STATEMENT
Statement of responsibility, etc Eric P Widmaier; Arthur J Vander; Hershel Raff; Kevin T Strang.--
Title Vander's human physiology :
Remainder of title The mechanisms of body function /
250 ## - EDITION STATEMENT
Edition statement 15th
260 ## - PUBLICATION, DISTRIBUTION, ETC. (IMPRINT)
Place of publication, distribution, etc New York, NY :
Name of publisher, distributor, etc McGraw-Hill Education
Date of publication, distribution, etc 2019
300 ## - PHYSICAL DESCRIPTION
Extent xxv, 709 pages :
Other physical details collor illustrations
Dimensions 28 cm
500 ## - GENERAL NOTE
General note Includes appendix and glossary/ index.
650 ## - SUBJECT ADDED ENTRY--TOPICAL TERM
Topical term or geographic name as entry element Human physiology.
650 ## - SUBJECT ADDED ENTRY--TOPICAL TERM
Topical term or geographic name as entry element Human physiology -- Problems, exercises, etc.
Holdings
Withdrawn status Lost status Damaged status Home library Current library Shelving location Date acquired Source of acquisition Total Checkouts Full call number Barcode Date last seen Price effective from Koha item type
      South SEED-LPDH College Library South SEED-LPDH College Library South SEED-LPDH College Section 10/01/2019 Library Fund   QP 34.5 .W641 2019 SSLC1868 10/01/2019 10/01/2019 Books

Vander's human physiology :

APA

Widmaier E. P., . (2019). Vander's human physiology. New York, NY: McGraw-Hill Education.

Chicago

Widmaier Eric P, . 2019. Vander's human physiology. New York, NY: McGraw-Hill Education.

Harvard

Widmaier E. P., . (2019). Vander's human physiology. New York, NY: McGraw-Hill Education.

MLA

Widmaier Eric P, . Vander's human physiology. New York, NY: McGraw-Hill Education. 2019.

  • Place hold
  • Print
  • Cite
  • Add to your cart (remove)
  • Save record
    BIBTEX Dublin Core MARCXML MARC (non-Unicode/MARC-8) MARC (Unicode/UTF-8) MARC (Unicode/UTF-8, Standard) MODS (XML) RIS
  • More searches
    Search for this title in:
    Other Libraries (WorldCat) Other Databases (Google Scholar) Online Stores (Bookfinder.com) Open Library (openlibrary.org)

Exporting to Dublin Core...

SOUTHVILLE LIBRARY

Southville International School and Colleges Library

1281 Tropical Ave. Cor. Luxembourg St., BF Homes International, Las Pinas City

Tel. No. 8256374 / 252358 Loc. 117/146

Powered by Koha